00310nam a2200097Ia 4500008004100000082001500041100001600056245009400072260003300166300001300199161229s9999 xx 000 0 und d a658 ABD/FR aAbdual Aziz aFrontiers of Management Science Vol. 4 : Management problems of state public undertakings bPrintwell PublishersaJaipur axii, 222